01697nam a2200253Ia 450000500170000000800370001704100080005408200180006211000290008024501120010925000180022130000540023949000280029352008170032153400320113865000320117065000380120265000450124026400350128533600270132033700330134733800280138004000350140820220317001839.0170410s2014 c g 000 0 s aspa04a523.112bD37c2 aDiscovery Communications10aColisiones cósmicasbgalaxias = Cosmic collisionsbgalaxiescDiscovery Communicationshvideodisco digital a1a. edición a1 DVD (45 minutos)bsonido, color, digitalc12 cm aDiscovery en la escuela aLa gravedad es la fuerza que lo mueve todo y nuestro universo permanece en constante movimiento gracias a ella, generando que las colisiones cósmicas sean una realidad que no podemos desconocer... las galaxias chocan entre sí, las estrellas chocan con la violencia de varias bombas nucleares dando lugar a la creación de nuevos planetas, asteroides y hoyos negros, pero estas explosiones pueden ser mortales y el riesgo es latente para el mundo como lo conocemos, incluso nuestra propia galaxia marcha hacia un enfrentamiento con su vecino galáctico más cercano: Andrómeda. Galaxias colisiones cósmicas es un viaje a través del espacio reconociendo que las batallas cósmicas entre los cuerpos celestes pueden llevarnos a un cataclismo de proporciones hasta ahora desconocidas por el ser humano tCosmic collisions: galaxies142LEMBaGalaxiasvVideodiscos142LEMBaVía lácteavVideodiscos142LEMBaColisiones espacialesvVideodiscos aBogotábMS Tv & Videosc2014 atextobtxt2rdacontent asin mediaciónbn2rdamedia avolumenbnc2rdacarrier aCO-BoRNBPbspaerdacCO-BoRNBP